00668 2200265 4500001002100000005001700021008004100038020001800079035002400097082001200121090001900133100001500152245004300167250001000210260002700220300002500247500003100272650002100303850001500324980001500339985000600354986001200360999001500372999001500387YOGYA-0209000003763320090227025258.0 ind  a979-3189-32-0 0010-020900000037633 a658.404 a658.404bTri M aTRITON P.B aManajemen investasi proyekcTriton P.B aCet.1 aYogyakartabTuguc2005 a198 hlmbilusc19 cm aBibliografi : hlm. 191-192 aManajemen Proyek aYOPDYOG(B) a05-02-2006 a2 aMrrtrev a05B0011473 a05B0011474